| 000 | 00884nam a22002417a 4500 | ||
|---|---|---|---|
| 001 | 5781 | ||
| 003 | FISKH | ||
| 005 | 20250122151155.0 | ||
| 008 | 250121b cb ||||| |||| 00| 0 eng d | ||
| 020 | _a9780545606936 | ||
| 040 |
_aFISKH _beng _cFISKH _dFISKH |
||
| 050 | _aE780.B38 | ||
| 082 | _a940.3 | ||
| 100 | _aBausum, Ann | ||
| 245 |
_aUnraveling freedom : _bThe battle for democracy on the home rront during World War I / _cby Ann Bausum |
||
| 260 |
_aNew York : _bScholastic , _c2010. |
||
| 300 |
_a88 pages : _bcolor illustrations ; _c26 cm . |
||
| 520 | _aLooks at how U.S. presidents from Wilson to George W. Bush have suspended or revoked guaranteed freedoms in the country during times of war, and includes first-person stories and illustrations. | ||
| 650 |
_ademocracy _vnon-fiction |
||
| 700 |
_aIttner, Marty _edesigner |
||
| 942 |
_2ddc _cBK _n0 |
||
| 999 |
_c5781 _d5781 |
||